Advanced brand management / (Record no. 344242)
[ view plain ]
| 000 -LEADER | |
|---|---|
| fixed length control field | 01552 a2200205 4500 |
| 020 ## - INTERNATIONAL STANDARD BOOK NUMBER | |
| International Standard Book Number | 047147925X |
| 020 ## - INTERNATIONAL STANDARD BOOK NUMBER | |
| International Standard Book Number | 9780471479253 |
| 082 04 - DEWEY DECIMAL CLASSIFICATION NUMBER | |
| Classification number | 658.827 |
| 090 ## - LOCALLY ASSIGNED LC-TYPE CALL NUMBER (OCLC); LOCAL CALL NUMBER (RLIN) | |
| -- | 1727 |
| -- | 1727 |
| 100 1# - MAIN ENTRY--PERSONAL NAME | |
| Personal name | Temporal, Paul. |
| 245 10 - TITLE STATEMENT | |
| Title | Advanced brand management / |
| Statement of responsibility, etc. | Paul Temporal. |
| 250 ## - EDITION STATEMENT | |
| Edition statement | 1st ed. |
| 260 ## - PUBLICATION, DISTRIBUTION, ETC. | |
| Place of publication, distribution, etc. | [S.l.] : |
| Name of publisher, distributor, etc. | Wiley, |
| Date of publication, distribution, etc. | 2002. |
| 300 ## - PHYSICAL DESCRIPTION | |
| Extent | 240 p. ; |
| Dimensions | 24 cm. |
| 500 ## - GENERAL NOTE | |
| General note | Hardcover. |
| 520 ## - SUMMARY, ETC. | |
| Summary, etc. | Branding your firm's future-with success More than a name game, product branding is often a high-stakes gamble-even when there's substantial market research behind it. The Classic Coke fiasco is just one example. With millions of dollars at stake each time out, companies can't afford branding strategies that can't stand up in the marketplace. Representing the brain trust in brand management, Paul Temporal's Advanced Brand Management presents the highly sophisticated branding techniques used by some of the world's leading companies. Strategies such as brand stretching and brand architecture are described, especially as tools for managing the total brand experience and value. The book also includes a brand management toolkit, which provides checklists and exercises, as well as global and Asian case studies. This indispensable practitioner's guide will help companies secure lasting brand equity for their products. |
| 856 40 - ELECTRONIC LOCATION AND ACCESS | |
| Materials specified | Amazon.com |
| Uniform Resource Identifier | <a href="http://www.amazon.com/exec/obidos/ASIN/047147925X/chopaconline-20">http://www.amazon.com/exec/obidos/ASIN/047147925X/chopaconline-20</a> |
| 856 40 - ELECTRONIC LOCATION AND ACCESS | |
| Materials specified | Amazon customer reviews |
| Uniform Resource Identifier | <a href="http://www.chopac.org/cgi-bin/tools/azrev.pl?q=047147925X">http://www.chopac.org/cgi-bin/tools/azrev.pl?q=047147925X</a> |
| 942 ## - ADDED ENTRY ELEMENTS (KOHA) | |
| Institution code [OBSOLETE] | NBS |
| Koha item type | Book |
| Call number prefix | 658.827 TEM |
| Withdrawn status | Lost status | Damaged status | Not for loan | Permanent Location | Current Location | Date acquired | Total Checkouts | Full call number | Barcode | Date last seen | Date last checked out | Price effective from | Koha item type |
|---|---|---|---|---|---|---|---|---|---|---|---|---|---|
| Central Library (CL) | Central Library (CL) | 08/28/2013 | 1 | 658.827 TEM | NBS6333 | 05/17/2016 | 11/25/2015 | 08/28/2013 | Book |
